000 00572nam a2200157 a 4500
008 120416s0000 ||||||||||||||||| || u
020 _a0859500039
050 _aPE 1115 Cot
100 _aCotterell, Arthur
245 1 0 _aOperational English
246 _aan intensive course forbusiness and professional students
260 _aBuford
_bStanley Thornes
_c1973
300 _a[viii], 152p. : ill.
350 _a0.00
995 _D0.00
_FCBU-MAIN LIBRARY (Kitwe)
_H1
_I1.50
_M1
_UAVAILABLE
_ZAnnex Low-Usage Collection
999 _c52647
_d52647